[Event "Schach Nienberge 2 - SK Königsspringer"]
[Site "Verbandsklasse 2016/2017"]
[Date "2017.03.04"]
[Round "7.3"]
[White "Lerke, Bernd"]
[Black "Kluczka, Konrad"]
[Result "1/2-1/2"]
[WhiteElo "1857"]
[BlackElo "1817"]
[PlyCount "51"]
[EventDate "2017.??.??"]
[SourceDate "2016.10.13"]

1. c4 e6 2. e4 c5 3. Nc3 Nc6 4. Nf3 a6 5. b3 g6 6. Bb2 Bg7 7. Na4 Bxb2 8. Nxb2
d6 9. Na4 Rb8 10. Nc3 Qf6 11. g3 Nb4 12. a3 Nc2+ 13. Qxc2 Qxf3 14. Rg1 Ne7 15.
Be2 Qf6 16. Qd3 Qd4 17. Rf1 Nc6 18. f4 b5 19. cxb5 axb5 20. Rb1 b4 21. Nb5 Qxd3
22. Bxd3 bxa3 23. Nxa3 Nd4 24. Nc4 Ke7 25. Na5 Bd7 26. Kf2 1/2-1/2

[Event "Schach Nienberge 2 - SK Königsspringer"]
[Site "Verbandsklasse 2016/2017"]
[Date "2017.03.04"]
[Round "7.4"]
[White "Schipke, Thorsten"]
[Black "Mense, Jens-Uwe"]
[Result "1/2-1/2"]
[WhiteElo "1813"]
[BlackElo "1793"]
[PlyCount "29"]
[EventDate "2017.??.??"]
[SourceDate "2016.10.13"]

1. e4 g6 2. d4 Bg7 3. Bc4 d6 4. c3 Nd7 5. Qf3 Ngf6 6. Bf4 e5 7. dxe5 dxe5 8.
Bg5 Qe7 9. Na3 c6 10. Ne2 h6 11. Bh4 O-O 12. h3 b5 13. Bb3 a6 14. O-O g5 15.
Bg3 1/2-1/2

[Event "Schach Nienberge 2 - SK Königsspringer"]
[Site "Verbandsklasse 2016/2017"]
[Date "2017.03.04"]
[Round "7.5"]
[White "Holstegge, Ludger"]
[Black "Dirks, Frank"]
[Result "1-0"]
[WhiteElo "1829"]
[BlackElo "1782"]
[PlyCount "103"]
[EventDate "2017.??.??"]
[SourceDate "2016.10.13"]

1. c4 g6 2. Nc3 Bg7 3. d4 d6 4. e4 Nh6 5. f3 f6 6. Bd3 O-O 7. Nge2 e5 8. Be3 f5
9. Qd2 f4 10. Bf2 Nc6 11. d5 Nb4 12. Bb1 b6 13. a3 Na6 14. b4 Bd7 15. Bd3 Nb8
16. Qb2 g5 17. h3 Qc8 18. c5 bxc5 19. bxc5 dxc5 20. Bxc5 Re8 21. Nc1 Nf7 22.
Qf2 a6 23. Rb1 Nd6 24. a4 Rf8 25. N1a2 Rf7 26. Kd2 h5 27. Nb4 Bf8 28. Rhc1 Rg7
29. Nc6 Nxc6 30. dxc6 Be6 31. Nd5 Rf7 32. Rc2 Qe8 33. Bxa6 Nc8 34. Bxc8 Qxc8
35. Rb7 Bxd5 36. exd5 Qd8 37. Rb5 Rf6 38. Kc3 Qe8 39. Re2 Bd6 40. Re4 Qc8 41.
Ba7 Kg7 42. Bc5 g4 43. hxg4 hxg4 44. Bxd6 g3 45. Qb2 cxd6 46. Rb7+ Kg6 47. Reb4
Ra5 48. Qc2+ Rf5 49. R4b5 Ra6 50. Kb4 Kf6 51. Rd7 Kg5 52. Rbb7 1-0

[Event "Schach Nienberge 2 - SK Königsspringer"]
[Site "Verbandsklasse 2016/2017"]
[Date "2017.03.04"]
[Round "7.6"]
[White "Van de Vyle, Jan"]
[Black "Kasubke, Manfred"]
[Result "1/2-1/2"]
[WhiteElo "1764"]
[BlackElo "1889"]
[PlyCount "119"]
[EventDate "2017.??.??"]
[SourceDate "2016.10.13"]

1. e4 Nf6 2. e5 Nd5 3. d4 d6 4. c4 Nb6 5. exd6 cxd6 6. Nc3 g6 7. Be3 Bg7 8. Rc1
O-O 9. Nf3 Bg4 10. b3 Nc6 11. Be2 d5 12. c5 Nc8 13. h3 Bxf3 14. Bxf3 e6 15. O-O
N8e7 16. Qd2 e5 17. Nb5 a6 18. Nd6 exd4 19. Bg5 Ne5 20. Bxd5 Qd7 21. Bxe7 Qxe7
22. Rfe1 Rad8 23. f4 Rxd6 24. cxd6 Qxd6 25. Bxb7 Nd7 26. Rc6 Qb8 27. Bxa6 Bf6
28. Rxf6 Nxf6 29. Qxd4 Nh5 30. Bc4 Nxf4 31. Re5 Nh5 32. Qe3 Qd6 33. a4 Ng7 34.
a5 Nf5 35. Qe1 Qd4+ 36. Kh2 Qf4+ 37. g3 Qd4 38. a6 Rd8 39. Re8+ Kg7 40. Rxd8
Qxd8 41. Qe5+ f6 42. Qe1 Qc7 43. Qf2 h5 44. Bd3 h4 45. Bxf5 gxf5 46. a7 Qc6 47.
gxh4 Kf7 48. h5 Qc7+ 49. Kg2 Qc6+ 50. Kf1 Qa6+ 51. Kg2 Qc6+ 52. Kg3 Qc3+ 53.
Qf3 Qc7+ 54. Kf2 Qxa7+ 55. Ke1 Qa1+ 56. Qd1 Qc3+ 57. Ke2 Qxh3 58. Qd7+ Kf8 59.
Qd8+ Kf7 60. Qd7+ 1/2-1/2

[Event "Schach Nienberge 2 - SK Königsspringer"]
[Site "Verbandsklasse 2016/2017"]
[Date "2017.03.04"]
[Round "7.7"]
[White "Schmidt, Ralf"]
[Black "Scharlow, Siegmar"]
[Result "0-1"]
[WhiteElo "1563"]
[BlackElo "1719"]
[PlyCount "116"]
[EventDate "2017.??.??"]
[SourceDate "2016.10.13"]

1. d4 Nf6 2. Nf3 d5 3. Bf4 e6 4. e3 c5 5. c3 Nc6 6. Nbd2 Be7 7. Bd3 O-O 8. Ne5
cxd4 9. exd4 Nxe5 10. dxe5 Nd7 11. Qg4 g6 12. h4 h5 13. Qg3 Kg7 14. Nf3 Nc5 15.
Bc2 Bd7 16. Nd4 Rc8 17. Qe3 Rh8 18. Bg5 Bxg5 19. hxg5 Bc6 20. b4 Ne4 21. Nxc6
Rxc6 22. Bxe4 dxe4 23. O-O h4 24. Rfd1 Qe7 25. Rd2 Rh5 26. Qxe4 Qxg5 27. Rd3
Qxe5 28. Qxe5+ Rxe5 29. Rd7 Rxc3 30. Rxb7 Ra3 31. Rc7 Re2 32. Rc4 g5 33. f4 g4
34. Rc5 g3 35. Rh5 Rexa2 36. Rxa2 Rxa2 37. Kf1 Rf2+ 38. Kg1 Rxf4 39. Rb5 e5 40.
Rb7 Kf6 41. Rxa7 Rxb4 42. Kf1 Rf4+ 43. Kg1 e4 44. Ra6+ Kg5 45. Ra8 e3 46. Rg8+
Kf5 47. Ra8 e2 48. Ra1 Kg4 49. Re1 Rf2 50. Ra1 Rf1+ 51. Rxf1 exf1=Q+ 52. Kxf1
h3 53. Kg1 hxg2 54. Kxg2 Kh4 55. Kg1 Kh3 56. Kh1 g2+ 57. Kg1 f6 58. Kf2 Kh2 0-1

[Event "Schach Nienberge 2 - SK Königsspringer"]
[Site "Verbandsklasse 2016/2017"]
[Date "2017.03.04"]
[Round "7.8"]
[White "Schulte Austum, Frank"]
[Black "Keller, Hansjürgen"]
[Result "1/2-1/2"]
[WhiteElo "1735"]
[BlackElo "1641"]
[PlyCount "30"]
[EventDate "2017.??.??"]
[SourceDate "2016.10.13"]

1. d4 d5 2. Nf3 Nf6 3. Bg5 e6 4. Nbd2 Be7 5. e3 Nbd7 6. Bd3 O-O 7. O-O c5 8. c3
b6 9. Ne5 Bb7 10. f4 Ne4 11. Bxe7 Qxe7 12. Rf3 f5 13. Rh3 Nxe5 14. fxe5 Nxd2
15. Qxd2 c4 1/2-1/2

[Event "Indische Dame Münster 1 - SF Beelen 2"]
[Site "Verbandsklasse 2016/2017"]
[Date "2017.03.04"]
[Round "7.1"]
[White "Fuisting, Dominik"]
[Black "Stevermüer, Rüdiger"]
[Result "1/2-1/2"]
[WhiteElo "1737"]
[BlackElo "1991"]
[PlyCount "47"]
[EventDate "2017.??.??"]
[SourceDate "2016.10.13"]

1. d4 d5 2. e3 e6 3. Bd3 Bd6 4. f4 f5 5. Nf3 Nf6 6. Ne5 O-O 7. O-O Bd7 8. Bd2
Be8 9. Qe1 Qe7 10. c4 c6 11. a3 Nbd7 12. b4 Ne4 13. Nc3 Nxc3 14. Bxc3 Nf6 15.
a4 Ne4 16. c5 Bxe5 17. dxe5 Bh5 18. Bxe4 dxe4 19. Rf2 Rfd8 20. Rd2 Rxd2 21.
Qxd2 Rd8 22. Bd4 g5 23. Qf2 Kf7 24. Ra2 1/2-1/2

[Event "Indische Dame Münster 1 - SF Beelen 2"]
[Site "Verbandsklasse 2016/2017"]
[Date "2017.03.04"]
[Round "7.2"]
[White "Knispel-Roth, Martin"]
[Black "Radinger, Rudolf"]
[Result "1/2-1/2"]
[WhiteElo "1902"]
[BlackElo "1615"]
[PlyCount "27"]
[EventDate "2017.??.??"]
[SourceDate "2016.10.13"]

1. f4 Nf6 2. Nf3 d6 3. e3 Nbd7 4. Bc4 c6 5. O-O Qc7 6. Nc3 g6 7. b3 Bg7 8. Bb2
O-O 9. a4 Ne4 10. d4 Nxc3 11. Bxc3 Nf6 12. Qe1 Ne4 13. Bb2 a5 14. Nd2 1/2-1/2

[Event "Indische Dame Münster 1 - SF Beelen 2"]
[Site "Verbandsklasse 2016/2017"]
[Date "2017.03.04"]
[Round "7.3"]
[White "Hofene, Markus"]
[Black "Frie, Michael"]
[Result "1-0"]
[WhiteElo "1627"]
[BlackElo "1894"]
[PlyCount "49"]
[EventDate "2017.??.??"]
[SourceDate "2016.10.13"]

1. e4 d6 2. d4 Nf6 3. Nc3 c6 4. h3 Qc7 5. Nf3 e5 6. Bd3 Be7 7. Be3 O-O 8. g4 b5
9. g5 Nfd7 10. Nh4 exd4 11. Bxd4 Ne5 12. Nf5 b4 13. Nxg7 bxc3 14. f4 cxb2 15.
fxe5 dxe5 16. Bxb2 Kxg7 17. Rf1 Bxg5 18. Qh5 f6 19. Ke2 Qb6 20. Bc1 h6 21. h4
Ba6 22. hxg5 Nd7 23. gxf6+ Nxf6 24. Qxh6+ Kf7 25. Qxf6+ 1-0

[Event "Indische Dame Münster 1 - SF Beelen 2"]
[Site "Verbandsklasse 2016/2017"]
[Date "2017.03.04"]
[Round "7.4"]
[White "Tenberge, Norbert"]
[Black "Bleier, Thomas"]
[Result "1/2-1/2"]
[WhiteElo "1828"]
[BlackElo "1648"]
[PlyCount "67"]
[EventDate "2017.??.??"]
[SourceDate "2016.10.13"]

1. d4 d5 2. c4 e6 3. Nc3 Nf6 4. e3 Nbd7 5. Nf3 c6 6. Bd3 dxc4 7. Bxc4 Bb4 8.
Qb3 Bxc3+ 9. bxc3 O-O 10. O-O Qc7 11. Re1 b6 12. e4 Bb7 13. e5 Nd5 14. Bd3 c5
15. c4 Nb4 16. Bxh7+ Kxh7 17. Ng5+ Kg6 18. a3 Qc6 19. Ne4 f6 20. Qg3+ Kf7 21.
axb4 cxd4 22. b5 Qc7 23. Ba3 Nc5 24. Nxc5 bxc5 25. exf6 Qxg3 26. hxg3 gxf6 27.
Bxc5 Rfc8 28. Bxd4 Rxc4 29. Be3 Rb4 30. Reb1 Rxb1+ 31. Rxb1 a5 32. bxa6 Bxa6
33. Rb6 Bc4 34. Rb7+ 1/2-1/2

[Event "Indische Dame Münster 1 - SF Beelen 2"]
[Site "Verbandsklasse 2016/2017"]
[Date "2017.03.04"]
[Round "7.5"]
[White "Grothues, Fabian"]
[Black "ter Veen, Michael"]
[Result "1/2-1/2"]
[WhiteElo "1576"]
[BlackElo "1730"]
[PlyCount "78"]
[EventDate "2017.??.??"]
[SourceDate "2016.10.13"]

1. e4 c5 2. Bc4 g6 3. Nf3 Bg7 4. c3 e6 5. O-O a6 6. d4 b5 7. Bb3 c4 8. Bc2 Ne7
9. Bg5 O-O 10. Qd2 f6 11. Bh6 Bb7 12. Bxg7 Kxg7 13. Qf4 d6 14. Nbd2 e5 15. Qe3
Nd7 16. Rad1 Qb6 17. Rfe1 Rad8 18. dxe5 dxe5 19. Nf1 Qxe3 20. Rxe3 Nc5 21. Ng3
Rxd1+ 22. Bxd1 Nd3 23. b4 a5 24. Bc2 Nf4 25. a4 axb4 26. cxb4 Nc6 27. axb5 Nxb4
28. Rc3 Rc8 29. Nd2 Nxc2 30. Rxc2 c3 31. Nb1 Ne6 32. Rxc3 Rd8 33. Rc1 Rd4 34.
Nc3 Rc4 35. Na2 Ra4 36. Nc3 Rc4 37. f3 Nd4 38. Nge2 Rb4 39. Kf1 Nxb5 1/2-1/2

[Event "Indische Dame Münster 1 - SF Beelen 2"]
[Site "Verbandsklasse 2016/2017"]
[Date "2017.03.04"]
[Round "7.6"]
[White "Glotzbach, Thomas"]
[Black "Leismann, Franz-Josef"]
[Result "1-0"]
[WhiteElo "1735"]
[BlackElo "1548"]
[PlyCount "77"]
[EventDate "2017.??.??"]
[SourceDate "2016.10.13"]

1. e4 d5 2. exd5 Nf6 3. Nf3 Nxd5 4. d4 Nc6 5. c4 Nf6 6. d5 Nb8 7. Bd3 Bg4 8.
O-O c6 9. Nc3 e6 10. dxe6 Bxe6 11. Ng5 Nbd7 12. Nxe6 fxe6 13. Qe2 e5 14. Bg5
Be7 15. Rad1 Qc7 16. Bf5 Kf7 17. Rfe1 Rhe8 18. Qf3 Kg8 19. Qh3 Nf8 20. Bxf6
Bxf6 21. Ne4 Qe7 22. c5 Red8 23. Rd6 b6 24. b4 a5 25. Rxc6 axb4 26. Nd6 bxc5
27. Qb3+ Ne6 28. Bxe6+ Kf8 29. Nf5 Qa7 30. Bd5 Rab8 31. Rc1 Qd7 32. Ne3 Bg5 33.
Bf3 Bxe3 34. Qxe3 Ra8 35. Qxc5+ Kg8 36. Qxe5 Kh8 37. Rc7 Rac8 38. g3 Rxc7 39.
Rxc7 1-0

[Event "Indische Dame Münster 1 - SF Beelen 2"]
[Site "Verbandsklasse 2016/2017"]
[Date "2017.03.04"]
[Round "7.8"]
[White "Overesch, Dieter"]
[Black "Günther, Karl-Heinz"]
[Result "1-0"]
[WhiteElo "1689"]
[BlackElo "1367"]
[PlyCount "89"]
[EventDate "2017.??.??"]
[SourceDate "2016.10.13"]

1. d4 e6 2. Nf3 d5 3. Bf4 c5 4. e3 Nc6 5. Nbd2 Nf6 6. c3 a6 7. Bd3 Bd7 8. O-O
Rc8 9. Qe2 c4 10. Bc2 Ne7 11. e4 Ng6 12. Bg5 Be7 13. Bxf6 Bxf6 14. exd5 Nf4 15.
Qe4 Nxd5 16. Rfe1 b5 17. Qxd5 Kf8 18. Qd6+ Be7 19. Qf4 Bc6 20. Ne5 Be8 21. Qf3
Bf6 22. Rad1 Qc7 23. Ng4 Be7 24. Ne5 Bf6 25. Qf4 Be7 26. Ne4 Qd8 27. Nc5 Kg8
28. Qe3 Qb6 29. Ne4 f6 30. Nf3 Bg6 31. Bb1 Kf7 32. Nfd2 Rhf8 33. f4 f5 34. Ng3
Rfe8 35. Nf3 h6 36. Ne5+ Kg8 37. Nxg6 Bf6 38. Ne5 g5 39. Nd7 Qd8 40. Nxf6+ Qxf6
41. Qe5 Kf7 42. Qxf6+ Kxf6 43. Re5 gxf4 44. Ne2 Kg5 45. Rf1 1-0

[Event "SC Klein-Berlin Rheine 2 - SF Neuenkirc"]
[Site "Verbandsklasse 2016/2017"]
[Date "2017.03.04"]
[Round "7.1"]
[White "Santos Brito, Daniel"]
[Black "Ratert, Matthias"]
[Result "1-0"]
[WhiteElo "1936"]
[BlackElo "1864"]
[PlyCount "75"]
[EventDate "2017.??.??"]
[SourceDate "2016.10.13"]

1. e4 e5 2. Bc4 Nf6 3. Nf3 Nxe4 4. d4 d5 5. Bb3 Be6 6. Nxe5 Nd7 7. Nxd7 Qxd7 8.
O-O O-O-O 9. f3 Nf6 10. Be3 h5 11. a4 Nh7 12. c3 g5 13. Bc2 f5 14. f4 Be7 15.
Nd2 Rdg8 16. Nf3 Bd6 17. Ne5 Bxe5 18. dxe5 gxf4 19. Bxf4 Ng5 20. Bxg5 Rxg5 21.
Rf2 Rhg8 22. Qe2 f4 23. Kh1 Qg7 24. Re1 Bh3 25. Rg1 Bg4 26. Qf1 f3 27. g3 h4
28. h3 Bxh3 29. Qxh3+ Kb8 30. g4 Qxe5 31. Qxf3 a6 32. Qf4 Qg7 33. Bf5 Rf8 34.
Qd4 Qe7 35. b4 Rgg8 36. b5 a5 37. Rgf1 Rh8 38. b6 1-0

[Event "SC Klein-Berlin Rheine 2 - SF Neuenkirc"]
[Site "Verbandsklasse 2016/2017"]
[Date "2017.03.04"]
[Round "7.3"]
[White "Rengers, Rainer"]
[Black "van Dijk, Guido"]
[Result "1-0"]
[WhiteElo "1752"]
[BlackElo "1712"]
[PlyCount "81"]
[EventDate "2017.??.??"]
[SourceDate "2016.10.13"]

1. d4 c6 2. c4 d5 3. Nc3 Nf6 4. Nf3 e6 5. cxd5 exd5 6. Bg5 Bb4 7. Bxf6 Qxf6 8.
Qb3 Bxc3+ 9. bxc3 O-O 10. e3 Nd7 11. Bd3 Re8 12. O-O Qd6 13. c4 Nf6 14. Ne5 Ne4
15. Qc2 Be6 16. cxd5 cxd5 17. Rfc1 Nf6 18. Qc7 Qxc7 19. Rxc7 Rab8 20. Rb1 Rec8
21. Rcxb7 Rxb7 22. Rxb7 Ne4 23. Rb1 f6 24. Nf3 Nc3 25. Rb2 Na4 26. Rc2 Rb8 27.
Kf1 Nb2 28. Ne1 a5 29. Rc5 Ra8 30. Ke2 Na4 31. Rc7 Rb8 32. Rc2 Nb2 33. Rc5 Nc4
34. Bxc4 dxc4 35. d5 Rb2+ 36. Kf3 Bxd5+ 37. Rxd5 Rxa2 38. Rc5 Ra4 39. Nc2 Kf7
40. Nd4 Ke7 41. Rxa5 1-0

[Event "SC Klein-Berlin Rheine 2 - SF Neuenkirc"]
[Site "Verbandsklasse 2016/2017"]
[Date "2017.03.04"]
[Round "7.4"]
[White "Miethe, Christoph"]
[Black "Schulze Oechtering, Matthias"]
[Result "0-1"]
[WhiteElo "1695"]
[BlackElo "1808"]
[PlyCount "106"]
[EventDate "2017.??.??"]
[SourceDate "2016.10.13"]

1. e4 c5 2. c3 d5 3. exd5 Qxd5 4. d4 cxd4 5. cxd4 Nc6 6. Nf3 e6 7. Nc3 Qd8 8.
Bb5 Nf6 9. Ne5 Bd7 10. Qa4 Rc8 11. Bxc6 Bxc6 12. Nxc6 Rxc6 13. Qxa7 Qc8 14. Qa4
Bd6 15. O-O O-O 16. Be3 Rc4 17. Qd1 Bb4 18. Ne2 Ng4 19. h3 Nxe3 20. fxe3 Rc2
21. Rc1 Rxc1 22. Nxc1 Qc7 23. Nd3 Bd6 24. Qb3 Qc6 25. Nf4 Rc8 26. Qd3 Qa4 27.
a3 Rc2 28. b3 Qc6 29. d5 exd5 30. Nxd5 Bxa3 31. Qf5 f6 32. e4 Rc1 33. b4 Rxf1+
34. Kxf1 Bxb4 35. Nxb4 Qc4+ 36. Kg1 Qxb4 37. Qd5+ Kf8 38. Qd8+ Kf7 39. Qd7+ Qe7
40. Qd5+ Kf8 41. Qf5 g6 42. Qc8+ Kg7 43. Qc4 b6 44. Kh1 Qc5 45. Qe6 Qc1+ 46.
Kh2 Qc7+ 47. Kh1 b5 48. h4 b4 49. Qd5 Qc3 50. Qd7+ Kh6 51. Qg4 b3 52. Qf4+ Kg7
53. Qf2 b2 0-1

[Event "SC Klein-Berlin Rheine 2 - SF Neuenkirc"]
[Site "Verbandsklasse 2016/2017"]
[Date "2017.03.04"]
[Round "7.5"]
[White "Carstensen, Jens"]
[Black "Huesmann, Stephan"]
[Result "0-1"]
[WhiteElo "1693"]
[BlackElo "1687"]
[PlyCount "66"]
[EventDate "2017.??.??"]
[SourceDate "2016.10.13"]

1. d4 d5 2. Nf3 c5 3. e3 Nc6 4. c3 Bd7 5. dxc5 e6 6. b4 Nf6 7. Bb2 b6 8. cxb6
Qxb6 9. a3 Rc8 10. Be2 Bd6 11. O-O Bb8 12. Nbd2 Ng4 13. g3 h5 14. h4 Bxg3 15.
fxg3 Nxe3 16. Qe1 Nd1+ 17. Kh2 Nxb2 18. Qb1 Na4 19. Qd3 Ne7 20. c4 Qa6 21. Ne5
f6 22. Ng6 Nxg6 23. Qxg6+ Kf8 24. Bxh5 Rxh5 25. Qxh5 Be8 26. Qg4 dxc4 27. Ne4
e5 28. Rad1 c3 29. Nd6 Rc7 30. Nxe8 Kxe8 31. Qg6+ Rf7 32. Rf2 Nb2 33. Rc1 Nd3
0-1

[Event "SC Klein-Berlin Rheine 2 - SF Neuenkirc"]
[Site "Verbandsklasse 2016/2017"]
[Date "2017.03.04"]
[Round "7.6"]
[White "Pohlmeier, Ulrich"]
[Black "Ternes, Joachim"]
[Result "1-0"]
[WhiteElo "1588"]
[BlackElo "1606"]
[PlyCount "97"]
[EventDate "2017.??.??"]
[SourceDate "2016.10.13"]

1. d4 Nf6 2. c4 e6 3. g3 d5 4. Bg2 Bb4+ 5. Bd2 Bxd2+ 6. Nxd2 O-O 7. Ngf3 c6 8.
O-O Nbd7 9. Qc2 Qe7 10. Rfe1 e5 11. dxe5 Nxe5 12. cxd5 cxd5 13. Rac1 Nc6 14. a3
Bg4 15. e3 Rac8 16. Qa4 a6 17. Nd4 Nxd4 18. Qxd4 Qd7 19. b4 Bh3 20. Bh1 Rxc1
21. Rxc1 Rc8 22. Rc3 Rxc3 23. Qxc3 Qa4 24. Bf3 Qc6 25. Qxc6 bxc6 26. Nb3 Kf8
27. Nc5 Bc8 28. Be2 Ke7 29. Nxa6 Bxa6 30. Bxa6 Kd6 31. f3 Kc7 32. Bd3 h6 33.
Kf2 Kb6 34. Ke2 c5 35. bxc5+ Kxc5 36. a4 Nd7 37. Bb5 Nb6 38. Kd3 Kb4 39. Kd4 f6
40. f4 Nc4 41. f5 Nd6 42. g4 Ne4 43. Kxd5 Nf2 44. e4 Nxg4 45. h3 Nf2 46. h4 Ng4
47. Ke6 Ne5 48. Be8 Nf3 49. Kf7 1-0

[Event "SC Klein-Berlin Rheine 2 - SF Neuenkirc"]
[Site "Verbandsklasse 2016/2017"]
[Date "2017.03.04"]
[Round "7.7"]
[White "Winter, Reinhold"]
[Black "Engfer, Klaus"]
[Result "1/2-1/2"]
[WhiteElo "1567"]
[BlackElo "1554"]
[PlyCount "108"]
[EventDate "2017.??.??"]
[SourceDate "2016.10.13"]

1. c4 e5 2. Nc3 Nf6 3. g3 Nc6 4. Bg2 Be7 5. e3 O-O 6. Nge2 Re8 7. O-O d6 8. d4
Bg4 9. h3 Bh5 10. g4 Bg6 11. d5 Nb8 12. b3 c5 13. dxc6 Nxc6 14. Nd5 h5 15.
Nxe7+ Qxe7 16. Nc3 hxg4 17. hxg4 e4 18. Nd5 Nxd5 19. Qxd5 Nb4 20. Qd2 Nd3 21.
Bb2 Rad8 22. Bd4 b6 23. f3 exf3 24. Bxf3 Ne5 25. Qg2 Nxf3+ 26. Qxf3 Be4 27. Qg3
Qg5 28. Rf4 d5 29. Raf1 f6 30. cxd5 Rxd5 31. Rc1 Rdd8 32. Rc7 a6 33. Qh2 Re6
34. Qh5 Qxh5 35. gxh5 Rc6 36. Rxc6 Bxc6 37. Rg4 Kf7 38. Kf2 b5 39. Rh4 Rd5 40.
h6 Rf5+ 41. Ke1 gxh6 42. Rxh6 Kg7 43. Rh2 Be4 44. a3 a5 45. Rh4 Bc2 46. b4 axb4
47. axb4 Kg6 48. Rg4+ Rg5 49. Rf4 f5 50. Rf2 Be4 51. Kd2 Rg1 52. Bc5 Kf6 53.
Rh2 Rg2+ 54. Rxg2 Bxg2 1/2-1/2

[Event "SC Klein-Berlin Rheine 2 - SF Neuenkirc"]
[Site "Verbandsklasse 2016/2017"]
[Date "2017.03.04"]
[Round "7.8"]
[White "Schmiemann, Karlheinz"]
[Black "Thomann, Henning"]
[Result "1-0"]
[WhiteElo "1354"]
[BlackElo "1288"]
[PlyCount "99"]
[EventDate "2017.??.??"]
[SourceDate "2016.10.13"]

1. e4 d5 2. exd5 Qxd5 3. Nc3 Qa5 4. d4 Nf6 5. Qd3 Bg4 6. Qb5+ Qxb5 7. Bxb5+ c6
8. Bd3 Nbd7 9. Bf4 e6 10. a3 Rd8 11. Nge2 Bxe2 12. Nxe2 Be7 13. O-O O-O 14.
Rad1 Nd5 15. Be3 a6 16. Be4 Nxe3 17. fxe3 Bg5 18. Rd3 f5 19. Bf3 e5 20. dxe5
Nxe5 21. Rb3 Rd7 22. Nd4 Rf6 23. Be2 g6 24. Nf3 Nxf3+ 25. Rxf3 Kg7 26. Rd3 Rxd3
27. cxd3 Re6 28. Kf2 c5 29. a4 Bf6 30. b3 Rb6 31. Bd1 Rb4 32. Bc2 Bc3 33. e4
fxe4 34. dxe4 Rd4 35. Rxc3 b6 36. Re3 Kf6 37. Bd3 a5 38. e5+ Ke7 39. Bc4 Rf4+
40. Rf3 Re4 41. e6 Rxc4 42. bxc4 Kxe6 43. Rd3 Ke5 44. Ke3 Ke6 45. Ke4 Kf6 46.
Kd5 h5 47. Kc6 b5 48. Kxb5 g5 49. Kxa5 Ke7 50. Kb5 1-0

[Event "SK Metelen 1 - SC Sendenhorst 1"]
[Site "Verbandsklasse 2016/2017"]
[Date "2017.03.04"]
[Round "7.2"]
[White "Bernink, Henk"]
[Black "Fleischmann, Andre"]
[Result "1-0"]
[WhiteElo "2124"]
[BlackElo "1740"]
[PlyCount "43"]
[EventDate "2017.??.??"]
[SourceDate "2016.10.13"]

1. d4 c5 2. d5 g6 3. c4 Bg7 4. Nc3 Nf6 5. e4 d6 6. f4 O-O 7. Nf3 Na6 8. Be2 Bd7
9. O-O Nc7 10. e5 dxe5 11. fxe5 Ng4 12. Bf4 a6 13. Qd2 f6 14. e6 Be8 15. h3 Ne5
16. Nxe5 fxe5 17. Bh6 Rxf1+ 18. Rxf1 b5 19. Bxg7 Kxg7 20. Qg5 bxc4 21. Qxe5+
Kg8 22. Rf8+ 1-0

[Event "SK Metelen 1 - SC Sendenhorst 1"]
[Site "Verbandsklasse 2016/2017"]
[Date "2017.03.04"]
[Round "7.3"]
[White "Füllborn, Dietrich"]
[Black "Koch, Alexander"]
[Result "1/2-1/2"]
[WhiteElo "1654"]
[BlackElo "2031"]
[PlyCount "62"]
[EventDate "2017.??.??"]
[SourceDate "2016.10.13"]

1. e4 c5 2. Nf3 d6 3. d4 cxd4 4. Nxd4 Nf6 5. Nc3 a6 6. Be2 g6 7. O-O Bg7 8. Be3
O-O 9. a4 Nc6 10. Qd2 Ng4 11. Bxg4 Bxg4 12. h3 Bd7 13. Nd5 e6 14. Nxc6 Bxc6 15.
Nb6 Rb8 16. f3 Bxb2 17. Rab1 Bg7 18. Rfd1 Qf6 19. Rb3 Rfe8 20. Rd3 Bf8 21. c4
Be7 22. Qc2 Bd8 23. Rxd6 Bc7 24. Nd7 Bxd7 25. Rxd7 Re7 26. c5 Bg3 27. Bd4 Qg5
28. Bf2 Rxd7 29. Rxd7 Bxf2+ 30. Kxf2 Rd8 31. c6 bxc6 1/2-1/2

[Event "SK Metelen 1 - SC Sendenhorst 1"]
[Site "Verbandsklasse 2016/2017"]
[Date "2017.03.04"]
[Round "7.4"]
[White "Grotenhuis, Gerard"]
[Black "Weng, Peter"]
[Result "1-0"]
[WhiteElo "1871"]
[BlackElo "1717"]
[PlyCount "62"]
[EventDate "2017.??.??"]
[SourceDate "2016.10.13"]

1. b3 e6 2. Bb2 Nf6 3. e3 d5 4. f4 c5 5. Nf3 Nc6 6. Bb5 Bd7 7. O-O Qb6 8. a4
Be7 9. Ne5 a6 10. Nxd7 Kxd7 11. Bxc6+ bxc6 12. a5 Qb7 13. Nc3 Rhg8 14. d3 h5
15. Qf3 Raf8 16. Na4 Qa7 17. c4 g6 18. Rac1 Rb8 19. Nb6+ Rxb6 20. axb6 Qxb6 21.
Bxf6 Bxf6 22. cxd5 cxd5 23. Kh1 Rb8 24. e4 d4 25. f5 Bg5 26. Ra1 exf5 27. exf5
Qxb3 28. Rxa6 Qb5 29. Qd5+ Ke8 30. Ra7 Qb3 31. Qe5+ Kd8 1-0

[Event "SK Metelen 1 - SC Sendenhorst 1"]
[Site "Verbandsklasse 2016/2017"]
[Date "2017.03.04"]
[Round "7.5"]
[White "Specht, Bernfried"]
[Black "Wigger, Frank"]
[Result "1/2-1/2"]
[WhiteElo "1697"]
[BlackElo "1800"]
[PlyCount "62"]
[EventDate "2017.??.??"]
[SourceDate "2016.10.13"]

1. e4 e5 2. Nf3 Nc6 3. Bc4 Nf6 4. d4 exd4 5. O-O Nxe4 6. Re1 d5 7. Bxd5 Qxd5 8.
Nc3 Qh5 9. Nxe4 Be6 10. Ng3 Qd5 11. c4 Qxc4 12. Bf4 Bd6 13. Bxd6 cxd6 14. Nf5
O-O 15. b3 Qb4 16. N5xd4 Nxd4 17. Nxd4 Rfe8 18. a3 Qb6 19. Rc1 Bd7 20. Qd3 g6
21. Nf3 Rxe1+ 22. Rxe1 Re8 23. Rxe8+ Bxe8 24. h3 Bd7 25. b4 Be6 26. Ng5 d5 27.
Nf3 Qc6 28. Nd4 Qc1+ 29. Kh2 Qe1 30. f4 Kg7 31. Ne2 Qa1 1/2-1/2

[Event "SK Metelen 1 - SC Sendenhorst 1"]
[Site "Verbandsklasse 2016/2017"]
[Date "2017.03.04"]
[Round "7.6"]
[White "Bückers, Bernhard"]
[Black "Westhues, Ralf"]
[Result "0-1"]
[WhiteElo "1705"]
[BlackElo "1603"]
[PlyCount "40"]
[EventDate "2017.??.??"]
[SourceDate "2016.10.13"]

1. c4 Nf6 2. Nc3 g6 3. d4 Bg7 4. Nf3 d6 5. g3 O-O 6. Bg2 Nbd7 7. e4 e5 8. O-O
Qe7 9. Re1 exd4 10. Nxd4 Nc5 11. Nd5 Nxd5 12. exd5 Qd8 13. Bf4 Bd7 14. Qd2 Qf6
15. Rad1 Rfe8 16. Rxe8+ Rxe8 17. Bg5 Qxd4 18. Qxd4 Bxd4 19. Rxd4 Re1+ 20. Bf1
Bh3 0-1

[Event "SK Metelen 1 - SC Sendenhorst 1"]
[Site "Verbandsklasse 2016/2017"]
[Date "2017.03.04"]
[Round "7.7"]
[White "Göntgens, Werner"]
[Black "Focke, Robert"]
[Result "1/2-1/2"]
[WhiteElo "1592"]
[BlackElo "1570"]
[PlyCount "28"]
[EventDate "2017.??.??"]
[SourceDate "2016.10.13"]

1. d4 d5 2. Nf3 e6 3. Bf4 Bd6 4. Bxd6 Qxd6 5. Nbd2 f5 6. e3 Nf6 7. c3 O-O 8.
Ne5 Nbd7 9. Ndf3 a6 10. Be2 Ne4 11. Nxd7 Bxd7 12. Ne5 b5 13. a3 Rac8 14. O-O c5
1/2-1/2

[Event "SK Metelen 1 - SC Sendenhorst 1"]
[Site "Verbandsklasse 2016/2017"]
[Date "2017.03.04"]
[Round "7.8"]
[White "Herdering, Sebastian"]
[Black "Elmenhorst, Bernd"]
[Result "1/2-1/2"]
[WhiteElo "1490"]
[BlackElo "1487"]
[PlyCount "26"]
[EventDate "2017.??.??"]
[SourceDate "2016.10.13"]

1. e4 g6 2. d4 d6 3. Nf3 Bg7 4. c3 Nf6 5. Nbd2 O-O 6. Bc4 Bg4 7. h3 Bxf3 8.
Qxf3 c6 9. O-O Nbd7 10. Bb3 Qc7 11. Re1 b5 12. Nf1 e5 13. Be3 a6 1/2-1/2